Retrato de un artista adolescente /

Guardado en:
Autor Principal: Joyce, James.
Otros Autores: Alonso, Dámaso; trad.
Formato: Libro
Idioma:Undetermined
Publicado: Buenos Aires : Hyspamerica, 1983.
Edición:1a ed.
Series:Historia Universal de la Literatura ; 21
Materias:
Etiquetas: Agregar Etiqueta
Sin Etiquetas, Sea el primero en etiquetar este registro!
LEADER 00673nam a22002055a 4500
001 CEM.cems024455
008 250204s1983####ag############000#0#und#d
005 20250204180041.0
245 1 0 |a Retrato de un artista adolescente /  |c James Joyce. 
250 |a 1a ed. 
260 |a Buenos Aires :  |b Hyspamerica,  |c 1983. 
300 |a 303 p. 
490 1 |a Historia Universal de la Literatura ;  |v 21 
500 |a Título original: Portrair of the artist as a young man. 
020 |a 9506140243 
100 1 |a Joyce, James. 
700 1 |a Alonso, Dámaso; trad. 
653 |a Literatura irlandesa 
653 |a Novela irlandesa 
859 |a CEMS  |b BIB. CEMS - 11 de abril  |h 891.623  |i J849  |p 29705.24  |t Ej.1